Qui a été le Premier Ministre de qui ? - Statistiques

Statistiques générales
  • Ce quiz a été pris 189 fois
  • Le résultat moyen est 10 sur 12
Statistiques - réponses
Question Réponse % Correct
Lequel a été le Premier Ministre de Nicolas Sarkozy ? François Fillon
100%
Lequel a été le Premier Ministre d'Emmanuel Macron ? Edouard Philippe
95%
Lequel a été le Premier Ministre de François Hollande ? Manuel Valls
95%
Lequel a été le Premier Ministre de François Hollande ? Bernard Cazeneuve
90%
Lequel a été le Premier Ministre de Charles de Gaulle ? Georges Pompidou
86%
Lequel a été le Premier Ministre de Jacques Chirac ? Lionel Jospin
86%
Lequel a été le Premier Ministre de François Mitterrand ? Edith Cresson
81%
Lequel a été le Premier Ministre de Georges Pompidou ? Jacques Chaban-Delmas
71%
Lequel a été le Premier Ministre de Jacques Chirac ? Jean-Pierre Raffarin
71%
Lequel a été le Premier Ministre de Georges Pompidou ? Pierre Messmer
71%
Lequel a été le Premier Ministre de Valéry Giscard d'Estaing ? Raymond Barre
71%
Lequel a été le Premier Ministre de François Mitterrand ? Edouard Balladur
67%
Aucun quiz correspondant
Distribution des résultats
% des personnes avec chaque résultat
Percentile par nombre de réponses
Votre historique - résultats
Vous n’avez pas pris ce quiz